00591nam a2200169 i 4500001000700000003000900007005001700016008004100033080003200074100003800106245008000144260005000224300003200274500002300306600002900329852006300358184800ES-MaACL20250809063541.0160119s2006 sp a |||| |bspa d a929 Belluga y Moncada, Luis1 aVilar, Juan Bautista, d1941-201810aLuis Belluga b: el hombre, el obispo, el catedral / cJuan Bautista Vilar. a[Murcia] : bFundación Cajamurcia, c[2006] aP. 15-25 : bil. ; c21 cm. a"Proyecto Huellas"17aBelluga y Moncada, Luis. aES-MaACLj1559-F-5 z. - Dedicatoria autógrafa del autor